| 000 | 00758cam a2200229 a 4500 | ||
|---|---|---|---|
| 001 | 000019162 | ||
| 003 | UkOxU | ||
| 005 | 20200929165934.0 | ||
| 008 | 860101s1971 sp ac 000 0 spa d | ||
| 040 |
_aDO-SdBNP _bspa _cCOO _dBNPHU |
||
| 082 |
_a929.7 _bB222e |
||
| 100 | 1 |
_aBaquero Goyanes, Mariano, _d1923-1984 _941249 |
|
| 245 | 1 | 0 |
_aEmilia Pardo Bazán / _cMariano Baquero Goyanes. |
| 260 |
_aMadrid, (España) : _bPublicaciones Españolas, _c1971. |
||
| 300 |
_a64 p. : _bil., retrs. ; _c21 cm. |
||
| 490 | 1 |
_aTemas españoles _v526 |
|
| 504 | _aIncluye referencias bibliográficas: p. 64 | ||
| 600 | 1 | 4 |
_aPARDO BARZÁN, EMILIA, _d1852-1921 _941250 |
| 830 | 0 |
_aTemas españoles ; _v526 _919792 |
|
| 910 | _aCatalogación derivada /Oxford | ||
| 049 | _aBNGR | ||
| 999 |
_c18680 _d18680 |
||